00880nam a2200229 a 450000100100000000500170001000800410002704000250006804100390009308200180013210000220015024000370017224501090020926001230031830000280044153400580046950000220052765000160054965000290056570000240059470000320061800002612520240502121040.0110301s1970 mx r 001 0 spa d aDO-SdBNPbspacBNPHU17aspaheng2Código de idiomas MARC a631.55bW746p1 aWilson, Harold K.10aProducing farm crops.lEspañol10aProducción de cosechas /cHarold K. Wilson y A. Chester Richer ; traducción de Jose Luis De La Loma. aMéxico, D. F. :bCentro Regional de Ayuda Técnica. Agencia para el Desarrollo Internacional ;bContinental,c1970. a411 p. :bil. ;c24 cm. aTítulo original en inglés :tProducing farm crops aIncluye índice. 0aAgricultura 4aProductividad agrícola1 aRicher, A. Chester.1 aLoma, Jose Luis De La,etr.